| 000 | 01129njm a22002777a 4500 | ||
|---|---|---|---|
| 005 | 20100909110752.0 | ||
| 007 | sd ammalaaahaa | ||
| 008 | 100907t xxu||||| |||| 00| 0 eng d | ||
| 028 |
_aN. 7190 _bHis Master's Voice |
||
| 035 | _aGR-02453 | ||
| 040 | _aSED/VEN | ||
| 100 |
_aBhosle, Asha _918700 |
||
| 245 |
_aSewak / _cby Asha bhosle ;music by Laxmikant pyarelal; lyrics Anjaan |
||
| 246 | _aसेवक/आशा भोसले द्वारा | ||
| 260 |
_aHisMaster's Voice _bodeon |
||
| 300 |
_a1 Sound Disc [Gramophone Record] : _banalog.45 rpm _c7.5 in (SP) _fGramophone Record |
||
| 500 | _aBrief Record | ||
| 505 | _aSide 1- कहू तो कहू कैसे (Kahu to kahu kaise)--Side-२ गिन गिन के बदले लेना चाहती है (Gin gin ke badle lena chahti hai) (Asha bhosle) | ||
| 650 |
_aClassical Music _xExcerpts _zIndia _918707 |
||
| 700 |
_918701 _aPyarelal, Laxmikant |
||
| 700 |
_918729 _aAnjaan |
||
| 700 | _918702 | ||
| 700 | _919401 | ||
| 942 |
_2ddc _cGR |
||
| 999 |
_c45609 _d45609 |
||